Smallest Countries/Territories - Statistics

General Stats
  • This quiz has been taken 29 times
  • The average score is 4 of 15
Answer Stats
Area km² Country % Correct
0.44 Vatican City
100%
61 San Marino
81%
1.95 Monaco
73%
21 Nauru
65%
26 Tuvalu
50%
6 Gibraltar
19%
102 Montserrat
12%
53 Bermuda
8%
5 Pitcairn Islands
8%
12 Tokelau
8%
98 Tristan da Cunha
8%
91 Anguilla
4%
78 Guernsey
4%
36 Norfolk Island
4%
88 Ascension Island
0%
No matching quizzes found
Score Distribution
Percent of People with Each Score
Percentile by Number Answered
Your Score History
You have not taken this quiz